Modely cenovej regulácie sieťových odvetví
Problematika cenovej regulácie na trhu sieťových odvetví. Prezentácia typov modelov regulácie, ktoré generujú hranice pre maximálnu úroveň primeraného zisku regulovanej firmy na základe analýzy jej celkových nákladov.
Na minha lista:
| Autor principal: | |
|---|---|
| Formato: | Capítulo de Livro |
| Idioma: | eslovaco |
| Assuntos: | |
| Tags: |
Sem tags, seja o primeiro a adicionar uma tag!
|
MARC
| LEADER | 00000nla$a2200000$$$4500 | ||
|---|---|---|---|
| 001 | 0068808 | ||
| 005 | 20240502071831.6 | ||
| 041 | 0 | |a slo | |
| 044 | |a SK | ||
| 245 | 1 | 0 | |a Modely cenovej regulácie sieťových odvetví |c Michal Fendek |
| 520 | |a Problematika cenovej regulácie na trhu sieťových odvetví. Prezentácia typov modelov regulácie, ktoré generujú hranice pre maximálnu úroveň primeraného zisku regulovanej firmy na základe analýzy jej celkových nákladov. | ||
| 610 | 2 | 0 | |a odvetvia sieťové |
| 610 | 2 | 0 | |a regulácia cenová |
| 610 | 2 | 0 | |a modely |
| 610 | 2 | 0 | |a náklady |
| 610 | 2 | 0 | |a firmy |
| 610 | 2 | 0 | |a legislatíva |
| 610 | 2 | 0 | |a investície |
| 100 | 1 | |a Fendek, Michal | |